000 00557nam a2200229Ia 4500
003 OSt
005 20220912153129.0
006 a|||||r|||| 00| 0
007 ta
008 220909b |||||||| |||| 00| 0 eng d
024 _a19735
037 _cTextual
040 _aCSL
_beng
_cCSL
041 _aeng
082 _aY73(P1-15):1, E6
100 _aCHANDA Ramprasad
245 0 _aIndo-Aryan Races
300 _ap.
_ccm.
650 _aIndian tribes
942 _hY73(P1-15):1, E6
_cTEXL
_2CC
999 _c98550
_d98550